000 00209 a2200097 4500
001 11086
100 _aJavid Iqbal
245 _aThe people of PAKISTAN
260 _a
_bG. Ali and Sons
_c
090 _c8645
_d8645
942 _aNUST-CAE
_cM
_c35428
999 _c246159
_d246159